| 000 | 00562nam a22002177a 4500 | ||
|---|---|---|---|
| 003 | OSt | ||
| 005 | 20260423151321.0 | ||
| 008 | 260423b |||||||| |||| 00| 0 eng d | ||
| 020 | _a978-93-6254-052-2 | ||
| 040 | _cSBCL | ||
| 082 |
_a894.8123 _bMAD-N |
||
| 100 | _aMadhavikkutty | ||
| 245 | _aNeyppayasavum Janapriyakathakalum | ||
| 250 | _a6th ed. | ||
| 260 |
_aKottayam _bDC Books _c2025 |
||
| 300 | _a128p. | ||
| 630 | _xLiterature | ||
| 650 | _aLiteratures of other languages | ||
| 650 | _aAltaic, Uralic, Hyperborean & Dravidian | ||
| 942 | _cBOOK | ||
| 999 |
_c138036 _d138036 |
||